000 00481cam a22002051 4500
001 sa 63002033
003 DLC
005 20260227111931.0
008 890717s1962 ii 000 1 beno
010 _asa 63002033
035 _a(OCoLC)20023723
040 _aDLC
_cWaU
_dDLC
050 0 0 _aPK1718.R59
_bD6
100 1 _aRoy, Dilip Kumar,
_d1897-1980.
245 1 0 _aDoṭānā.
260 _c[1962]
300 _a133 p.
_c23 cm.
500 _aIn Bengali.
500 _aA novel.
999 _c54265
_d54265